| 000 | 00864nam a22001337a 4500 | ||
|---|---|---|---|
| 040 | _cRUA | ||
| 082 | _aAVM KON 2006 B076 Or.1 | ||
| 100 | _aKONG, SAMNANG. | ||
| 245 | _aThe effect of using of soybean bran by product on growth rate of avian broiler in the animal experimental station of royal university of agriculture, ឥទ្ធពឡនៃការប្រើប្រាស់កន្ទក់សណ្តែលសៀងជាចំណីផ្សំលើការលូតលាស់មាន់សាច់ពូជAVIAN នៅស្ថានីយ៍ពោសោធន៍សត្វនៃសាកលវិទ្យាល័យភូមិន្ទកសិកម្ម | ||
| 260 |
_aPhnom Penh _bRUA _c2006 |
||
| 300 |
_a38p. _bill. _c29cm. |
||
| 856 | _uhttps://drive.google.com/file/d/1J9LdEU6B29l6zESTL5Vl7EzQRGASLmPz/view?usp=sharing | ||
| 942 | _cAVM | ||
| 999 |
_c2152 _d2152 |
||